Statistiques concernant Pays avec le passeport le plus puissant

Cliquez ici pour prendre le quiz!

Statistiques générales

  • Ce quiz a été pris 14 557 fois
    (9 179 depuis la dernière actualisation)
  • Le résultat moyen est 19 sur 26

Statistiques - réponses

#Pays% Correct
173France
99%
172Etats-Unis
98%
173Espagne
93%
173Allemagne
91%
171Royaume-Uni
90%
173Italie
89%
173Suisse
87%
171Japon
86%
172Portugal
84%
173Suède
84%
172Norvège
82%
172Belgique
79%
173Finlande
78%
171Australie
74%
172Pologne
73%
173Pays-Bas
72%
173Autriche
69%
172Danemark
69%
172Irlande
67%
173Luxembourg
65%
173Corée du Sud
63%
171Grèce
62%
172Nouvelle-Zélande
52%
171Hongrie
48%
171République Tchèque
47%
177Émirats Arabes Unis
25%

Distribution des résultats

Percentile par nombre de réponses

% des personnes avec chaque résultat

Votre développement - résultats

Vous n’avez pas pris ce quiz depuis la dernière actualisation